Quizzes
Events
Quiz Creation
Community
Videos
Private Events
Remove Ads
Sign In
Join for FREE
Feedback
Dark Mode
Quiz Categories
Sports
Geography
Music
Movies
Television
Just For Fun
Miscellaneous
History
Literature
Language
Science
Gaming
Entertainment
Religion
Holiday
For Kids
Quiz Lab
Recent
Popular Today
Quiz Kudos Today
Editor Picks
Curator Picks
Quizzes by...
Day
Popularity
Type
Ratings
Length
Year
Community
Subscriptions
Recent Discussions
Orange Saloon
Badges
Playlists
Quests
Create
Leaderboards
Showdown
Live 5
Trivia Bingo
Activity
Puzzle Library
Sporcle Events
Private Events
Virtual Trivia
Globe League
Become a Host
Pub Owners
SporcleCon
Opinionation
Our Games
Videos
Blog
Mobile Apps
Partnerships
Remove Ads and Go Orange
Feedback
Gaming
Video Games
Board Games
Card Games
Pokémon
Mario
Nintendo
Minecraft
Console
Toys
Legend of Zelda
Gaming
Video Games
Board Games
Card Games
Pokémon
Mario
Nintendo
Minecraft
Console
Toys
Legend of Zelda
Random Quiz
Search Sporcle
×
Quiz Lab
Quiz Lab
Gaming
clan
Type in answers that appear in a list
Type in answers that appear in a list
Classic
Best Score? Go Orange.
Clash of Clans Stats
Can you name the questions/things about/in Clash of Clans?
By
AlexBoro
10m
21 Questions
255 Plays
255 Plays
255 Plays
Comments
Comments
Give Quiz Kudos
Give Quiz Kudos
-
- Ratings
hide this ad
Replay
Link that replays current quiz
Next Quiz
Link to next quiz in quiz playlist
You Got
0%
They Got
Avg Score
76%
Avg Friend Score
Upgrade to see
Score Distribution
Jump to the score distribution portion of the page
Score
0/21
Timer
10:00
0
Plays Today
Clue
Thing
% Correct
2nd troop in barracks
Archer
96.5%
1st troop in barracks
Barbarian
96.1%
4th troop in barracks
Giant
94.5%
3rd troop in barracks
Goblin
93.3%
7th troop in barracks
Wizard
90.6%
9th troop in barracks
Dragon
90.2%
5th troop in barracks
Wall Breaker
89.8%
8th troop in barracks
Healer
89%
10th troop in barracks
P.E.K.K.A.
88.6%
2nd troop in dark barracks
Hog Rider
87.8%
6th troop in barracks
Balloon
87.5%
Clue
Thing
% Correct
1st troop in dark barracks
Minion
87.5%
4th troop in dark barracks
Golem
84.7%
3rd troop in dark barracks
Valkyrie
78.4%
Which company created the game?
Supercell
71%
What is the highest level wall possible?
11
69%
Which currency is used for buying/
upgrading town halls?
Gold
67.1%
Which spell do you get at a level 5 spell factory?
Freeze Spell
48.6%
How much Dark Elixir does it cost to train 1 level 1 golem?
450
43.5%
How many Gold Storages can you get in total (with highest town hall level possible)
4
32.2%
Who is the best player in the world (as of July 2013)
Mdshaf1
10.2%
Quiz Playlist
Details
Report
Send in Message
Add To Playlist
Classic:
Type in answers that appear in a list
Last Updated: Feb 16, 2017
Quiz Scoreboard
CHALLENGE
Sign Up to Join the Scoreboard
Show All
Scores
Hide
Comments
May contain spoilers
Recently Published
One Thing in Common: World Cities II
by knightlancer
Geography
7m
Popular People in 1961
by mucciniale
History
6m
1-10 Letter E Words III
by El_Dandy
Language
2m
More to Explore
Quiz From the Vault
Featured Blog Post
Where Did the Easter Bunny Come From?
hide this ad
You Might Also Like...
Tags
clan
clash
Today's Top Quizzes in Gaming
Browse Gaming
hide this ad
Top Contributed Quizzes in Gaming
1
Destiny 2 exotic weapons by perk icons
2
Who's on the WWE 2K24 Cover?
3
Windmill: Pokémon
4
Overwatch 2 Heroes by Selection Quote
5
Overwatch 2: Ultimate Ability Icons
6
Genshin Impact Logic Puzzle
7
Genshin murder mystery
8
Legendary or Exotic?
9
Overwatch Logic Puzzle
10
Franchise by Action Figure
Explore More
Trending Topics
Anime
Crossword
NBA
Kpop
Disney
Marvel
Harry Potter
Song
NFL
Puzzle
WWE
Country
Pokémon
The Office
Soccer
hide this ad
More By:
AlexBoro
Quiz
Plays
Rating
Category
Featured
Created
US Cities per State
1,431
3.40
Geography
Oct 26, 2013
Super paper mario characters
382
Gaming
Oct 22, 2012
Top 100 English Premier League Scorers All Time
292
2.00
Sports
May 26, 2013
Clash of Clans
255
Gaming
Jul 16, 2013
No 'A' in Asia
138
2.67
Geography
Aug 4, 2013
Go to Creator's Profile
Score Distribution
Quiz Creator Spotlight
AlexBoro
Follow
Send a Message
Quizzes Created
-
Created Quiz Play Count
-
More By This Creator
Popular Quizzes Today
1
Find the US States - No Outlines Minefield
2
Find the Countries of Europe - No Outlines Minefield
3
The Countries of the World
4
Popular People in 1961
5
1-10 Letter E Words III
6
Find the US States
7
One Thing in Common: World Cities II
8
US States
More Gaming Quizzes
Pokémon Profile 31: Kanto Starters
Curator's Pick
Trending Quizzes
Risky Map Clicking: Least Populous States A-Z
1-10 Letter F Words
1-10 Letter G Words
One Thing in Common: United Kingdom
Risky Map Clicking: Biggest States A-Z
Recently Updated
Leaping Animals
pecheneg
Reality TV Shows (A-Z)
bhenderson79
Rickey Henderson's Hall of Fame Teammates
pecheneg
Champions League XIs: Arsenal
pecheneg
Quick Pick: Celebrities in WWE's Hall of Fame
aduchscher
A-Z Keypad Blitz II
pecheneg
Multiple Oscar Actors
pecheneg
Mystery Phrase Blitz: Oscar 'Best Actors'
pecheneg
F. Scott Fitzgerald Novels
LTH
Pick 3 Villains
ddd62291
Trending Topics
Harry Potter
Marvel
Disney
NBA
Kpop
Anime
Crossword
Song
The Office
WWE
Country
Puzzle
Soccer
NFL
Pokémon
Your Account Isn't Verified!
In order to create a playlist on Sporcle, you need to verify the email address you used during registration. Go to your
Sporcle Settings
to finish the process.
Report this User
Report this user for behavior that violates our
Community Guidelines
.
Details:
Send Report
Go to the Sporcle.com Mobile Site →
Comments